Out East in the Malay Peninsula / (Record no. 4149)

000 -LEADER
fixed length control field nam a22 a 4500
003 - CONTROL NUMBER IDENTIFIER
control field AKMAL
005 - DATE AND TIME OF LATEST TRANSACTION
control field 20170525122217.0
008 - FIXED-LENGTH DATA ELEMENTS--GENERAL INFORMATION
fixed length control field 170525s1991 my abo e i 001 0 eng d
020 ## - INTERNATIONAL STANDARD BOOK NUMBER
International Standard Book Number 9676515949 (pbk.) :
Terms of availability RM25.00
040 ## - CATALOGING SOURCE
Original cataloging agency AKMAL
082 04 - DEWEY DECIMAL CLASSIFICATION NUMBER
Classification number 923.7 LEW
Edition number 22
090 00 - LOCALLY ASSIGNED LC-TYPE CALL NUMBER (OCLC); LOCAL CALL NUMBER (RLIN)
Classification number (OCLC) (R) ; Classification number, CALL (RLIN) (NR) 923.7
Local cutter number (OCLC) ; Book number/undivided call number, CALL (RLIN) LEW
100 ## - MAIN ENTRY--PERSONAL NAME
Personal name Lewis, G. E. D.
Fuller form of name (Gerwyn Elidor David)
9 (RLIN) 8145
245 ## - TITLE STATEMENT
Title Out East in the Malay Peninsula /
Statement of responsibility, etc. G . E. D. Lewis
260 00 - PUBLICATION, DISTRIBUTION, ETC.
Place of publication, distribution, etc. Petaling Jaya :
Name of publisher, distributor, etc. Fajar Bakti ,
Date of publication, distribution, etc. 1991
300 00 - PHYSICAL DESCRIPTION
Extent vi, 238p., [12] leaves of plates :
Other physical details ill., maps ;
Dimensions 22cm.
500 ## - GENERAL NOTE
General note The autobiography of the influential Headmaster of Victoria Institution during the 1950s and 1960s
504 ## - BIBLIOGRAPHY, ETC. NOTE
Bibliography, etc. note Includes bibliographical references and index
600 10 - SUBJECT ADDED ENTRY--PERSONAL NAME
Personal name Lewis, G. E. D.
Fuller form of name (Gerwyn Elidor David)
9 (RLIN) 8145
651 #0 - SUBJECT ADDED ENTRY--GEOGRAPHIC NAME
Geographic name Malay Peninsula
General subdivision History
9 (RLIN) 8146
942 ## - ADDED ENTRY ELEMENTS (KOHA)
Source of classification or shelving scheme
Koha item type Book
Holdings
Withdrawn status Lost status Source of classification or shelving scheme Damaged status Not for loan Collection code Home library Current library Shelving location Date acquired Inventory number Total Checkouts Full call number Barcode Date last seen Price effective from Koha item type
          NON-FICTION AKMAL Melaka AKMAL Melaka PINJAMAN 25.05.2017 900324   923.7 LEW 201705418 25.05.2017 25.05.2017 Book
Pusat Sumber Maklumat Dato' Haji Sarmin Md Hussin, Akademi Kastam Diraja Malaysia, Melaka
Tel: 06-2331106 | Faks: 06-2313787